Douglas Adams: Denník stopára po galaxii 42

Podrobná bibliografia
Hlavný autor: Kasarda, Martin, 1968- (Autor)
Médium: Článok
Jazyk:slovenčina
Predmet:

MARC

LEADER 00000nab a2200000 a 4500
001 vtls000552651
003 SK-MaSNL
005 20260304092655.0
008 250425c1995 xo 0 slo
015 |a SNBRB19rr/mm-uuuuu 
035 |a CL0552789 
035 |a urn:nbn:sk:snk-abbp7a 
035 |a (urnnbn)urn:nbn:sk:snk:ar-006bln 
035 |a (uuid)cd659c81-aea5-421a-8d25-527f3c7737aa 
040 |a SNKBUCL  |b slo  |c SNKBUCL  |e AACR2 
041 0 |a slo 
044 |a xo  |c SK 
080 |a 82:929:820  |2 1981 
080 |a 820  |2 1981 
100 1 |a Kasarda, Martin,  |d 1968-  |4 aut  |9 116347 
245 1 0 |a Douglas Adams: Denník stopára po galaxii 42  |c Martin Kasarda 
600 1 7 |a Adams, Douglas,  |d 1952-2001  |2 snkbucl  |9 121855 
655 7 |a články z novín a časopisov  |2 snkbucl  |9 267496 
655 7 |a články z odboru literárna veda a krásna literatúra  |2 snkbucl  |9 770045 
773 0 |t Dotyky  |g Roč. 7, č. 3 (1995), s. 36-37 
850 |a Slovenská národná knižnica 
852 |a Slovenská národná knižnica 
958 |a article15 
958 |a RK 
958 |a LX 
958 |a GB 
958 |a OND 
958 |a EUIPO 
992 |a RBX 
999 |c 2819910  |d 2821840